<?xml version="1.0" encoding="UTF-8"?>
<collection xmlns="http://www.loc.gov/MARC21/slim">
<record>
  <controlfield tag="001">150366</controlfield>
  <controlfield tag="005">20251017144612.0</controlfield>
  <datafield tag="024" ind1="7" ind2=" ">
    <subfield code="2">doi</subfield>
    <subfield code="a">10.1080/13814788.2021.1917543</subfield>
  </datafield>
  <datafield tag="024" ind1="8" ind2=" ">
    <subfield code="2">sideral</subfield>
    <subfield code="a">142513</subfield>
  </datafield>
  <datafield tag="037" ind1=" " ind2=" ">
    <subfield code="a">ART-2021-142513</subfield>
  </datafield>
  <datafield tag="041" ind1=" " ind2=" ">
    <subfield code="a">eng</subfield>
  </datafield>
  <datafield tag="100" ind1=" " ind2=" ">
    <subfield code="a">Rogero-Blanco, Eloísa</subfield>
  </datafield>
  <datafield tag="245" ind1=" " ind2=" ">
    <subfield code="a">Drug interactions detected by a computer-assisted prescription system in primary care patients in Spain: MULTIPAP study</subfield>
  </datafield>
  <datafield tag="260" ind1=" " ind2=" ">
    <subfield code="c">2021</subfield>
  </datafield>
  <datafield tag="506" ind1="0" ind2=" ">
    <subfield code="a">Access copy available to the general public</subfield>
    <subfield code="f">Unrestricted</subfield>
  </datafield>
  <datafield tag="520" ind1="3" ind2=" ">
    <subfield code="a">Background
Drug interactions increase the risk of treatment failure, intoxication, hospital admissions, consultations and mortality. Computer-assisted prescription systems can help to detect interactions.
Objectives
To describe the drug–drug interaction (DDI) and drug–disease interaction (DdI) prevalence identified by a computer-assisted prescription system in patients with multimorbidity and polypharmacy. Factors associated with clinically relevant interactions were analysed.
Methods
Observational, descriptive, cross-sectional study in primary health care centres was undertaken in Spain. The sample included 593 patients aged 65–74 years with multimorbidity and polypharmacy participating in the MULTIPAP Study, recruited from November 2016 to January 2017. Drug interactions were identified by a computer-assisted prescription system. Descriptive, bivariate, and multivariate analyses with logistic regression models and robust estimators were performed.
Results
Half (50.1% (95% CI 46.1–54.1)) of the patients had at least one relevant DDI and 23.9% (95% CI 18.9–25.6) presented with a DdI. Non-opioid–central nervous system depressant drug combinations and benzodiazepine–opioid drug combinations were the two most common clinically relevant interactions (10.8% and 5.9%, respectively). Factors associated with DDI were the use of more than 10 drugs (OR 11.86; 95% CI 6.92–20.33) and having anxiety/depressive disorder (OR 1.98; 95% CI 1.31–2.98). Protective factors against DDI were hypertension (OR 0.62; 95% CI 0.41–0.94), diabetes (OR 0.57; 95% CI 0.40–0.82), and ischaemic heart disease (OR 0.43; 95% CI 0.25–0.74).
Conclusion
Drug interactions are prevalent in patients aged 65–74 years with multimorbidity and polypharmacy. The clinically relevant DDI frequency is low. The number of prescriptions taken is the most relevant factor associated with presenting a clinically relevant DDI.</subfield>
  </datafield>
  <datafield tag="536" ind1=" " ind2=" ">
    <subfield code="9">info:eu-repo/grantAgreement/ES/ISCIII-FEDER/RD16-0001-0004</subfield>
    <subfield code="9">info:eu-repo/grantAgreement/ES/ISCIII/PI18-01303</subfield>
    <subfield code="9">info:eu-repo/grantAgreement/ES/ISCIII/PI18-01515</subfield>
    <subfield code="9">info:eu-repo/grantAgreement/ES/ISCIII/PI18-01812</subfield>
    <subfield code="9">info:eu-repo/grantAgreement/ES/ISCIII/RD16-0001-0005</subfield>
    <subfield code="9">info:eu-repo/grantAgreement/ES/ISCIII/RD16-0001-0006</subfield>
  </datafield>
  <datafield tag="540" ind1=" " ind2=" ">
    <subfield code="9">info:eu-repo/semantics/openAccess</subfield>
    <subfield code="a">by</subfield>
    <subfield code="u">https://creativecommons.org/licenses/by/4.0/deed.es</subfield>
  </datafield>
  <datafield tag="590" ind1=" " ind2=" ">
    <subfield code="a">3.636</subfield>
    <subfield code="b">2021</subfield>
  </datafield>
  <datafield tag="591" ind1=" " ind2=" ">
    <subfield code="a">PRIMARY HEALTH CARE</subfield>
    <subfield code="b">4 / 18 = 0.222</subfield>
    <subfield code="c">2021</subfield>
    <subfield code="d">Q1</subfield>
    <subfield code="e">T1</subfield>
  </datafield>
  <datafield tag="591" ind1=" " ind2=" ">
    <subfield code="a">MEDICINE, GENERAL &amp; INTERNAL</subfield>
    <subfield code="b">66 / 172 = 0.384</subfield>
    <subfield code="c">2021</subfield>
    <subfield code="d">Q2</subfield>
    <subfield code="e">T2</subfield>
  </datafield>
  <datafield tag="592" ind1=" " ind2=" ">
    <subfield code="a">1.689</subfield>
    <subfield code="b">2021</subfield>
  </datafield>
  <datafield tag="593" ind1=" " ind2=" ">
    <subfield code="a">Medicine (miscellaneous)</subfield>
    <subfield code="c">2021</subfield>
    <subfield code="d">Q1</subfield>
  </datafield>
  <datafield tag="593" ind1=" " ind2=" ">
    <subfield code="a">Family Practice</subfield>
    <subfield code="c">2021</subfield>
    <subfield code="d">Q1</subfield>
  </datafield>
  <datafield tag="594" ind1=" " ind2=" ">
    <subfield code="a">8.5</subfield>
    <subfield code="b">2021</subfield>
  </datafield>
  <datafield tag="655" ind1=" " ind2="4">
    <subfield code="a">info:eu-repo/semantics/article</subfield>
    <subfield code="v">info:eu-repo/semantics/publishedVersion</subfield>
  </datafield>
  <datafield tag="700" ind1=" " ind2=" ">
    <subfield code="a">Del-Cura-González, Isabel</subfield>
  </datafield>
  <datafield tag="700" ind1=" " ind2=" ">
    <subfield code="a">Aza-Pascual-Salcedo, Mercedes</subfield>
  </datafield>
  <datafield tag="700" ind1=" " ind2=" ">
    <subfield code="a">García de Blas González, Francisca</subfield>
  </datafield>
  <datafield tag="700" ind1=" " ind2=" ">
    <subfield code="a">Terrón-Rodas, Carmen</subfield>
  </datafield>
  <datafield tag="700" ind1=" " ind2=" ">
    <subfield code="a">Chimeno-Sánchez, Sergio</subfield>
  </datafield>
  <datafield tag="700" ind1=" " ind2=" ">
    <subfield code="a">García-Domingo, Eva</subfield>
  </datafield>
  <datafield tag="700" ind1=" " ind2=" ">
    <subfield code="a">López-Rodríguez, Juan A.</subfield>
  </datafield>
  <datafield tag="700" ind1=" " ind2=" ">
    <subfield code="a">Gimeno Feliu, Luis</subfield>
    <subfield code="u">Universidad de Zaragoza</subfield>
    <subfield code="0">(orcid)0000-0003-2928-6623</subfield>
  </datafield>
  <datafield tag="700" ind1=" " ind2=" ">
    <subfield code="a">on behalf MULTIPAP group</subfield>
  </datafield>
  <datafield tag="710" ind1="2" ind2=" ">
    <subfield code="1">1007</subfield>
    <subfield code="2">610</subfield>
    <subfield code="a">Universidad de Zaragoza</subfield>
    <subfield code="b">Dpto. Medicina, Psiqu. y Derm.</subfield>
    <subfield code="c">Area Medicina</subfield>
  </datafield>
  <datafield tag="773" ind1=" " ind2=" ">
    <subfield code="g">27, 1 (2021), 90-96</subfield>
    <subfield code="p">Eur. j. gen. pract</subfield>
    <subfield code="t">EUROPEAN JOURNAL OF GENERAL PRACTICE</subfield>
    <subfield code="x">1381-4788</subfield>
  </datafield>
  <datafield tag="856" ind1="4" ind2=" ">
    <subfield code="s">1514884</subfield>
    <subfield code="u">http://zaguan.unizar.es/record/150366/files/texto_completo.pdf</subfield>
    <subfield code="y">Versión publicada</subfield>
  </datafield>
  <datafield tag="856" ind1="4" ind2=" ">
    <subfield code="s">1321960</subfield>
    <subfield code="u">http://zaguan.unizar.es/record/150366/files/texto_completo.jpg?subformat=icon</subfield>
    <subfield code="x">icon</subfield>
    <subfield code="y">Versión publicada</subfield>
  </datafield>
  <datafield tag="909" ind1="C" ind2="O">
    <subfield code="o">oai:zaguan.unizar.es:150366</subfield>
    <subfield code="p">articulos</subfield>
    <subfield code="p">driver</subfield>
  </datafield>
  <datafield tag="951" ind1=" " ind2=" ">
    <subfield code="a">2025-10-17-14:17:47</subfield>
  </datafield>
  <datafield tag="980" ind1=" " ind2=" ">
    <subfield code="a">ARTICLE</subfield>
  </datafield>
</record>
</collection>